000 00517nam a2200181Ia 4500
008 090124s9999 xx 000 0 und d
082 _b33796
100 _aमहागावकर केशव
245 _a कलारंग
250 _a1
260 _bमराठे प्रमोद
_c2006
300 _a72
600 _aमहागावकर केशव
630 _a कलारंग
700 _aमहागावकर केशव
730 _a कलारंग
942 _cBOOK
999 _c188663
_d188663